Γρήγορη πληκτρολόγηση Α-Ω - Statistics

General Stats
  • This quiz has been taken 4 572 times
  • The average score is 15 of 24
Answer Stats
Γράμματα % Correct
Α
100%
Β
91%
Γ
87%
Δ
84%
Ε
83%
Ζ
79%
Η
77%
Θ
73%
Ι
71%
Κ
69%
Λ
67%
Μ
66%
Ν
65%
Ξ
60%
Ο
58%
Π
57%
Ρ
55%
Σ
51%
Τ
47%
Υ
42%
Φ
35%
Χ
31%
Ψ
26%
Ω
23%
No matching quizzes found
Score Distribution
Percent of People with Each Score
Percentile by Number Answered
Your Score History
You have not taken this quiz